| 000 | 01171nam a22002537a 4500 | ||
|---|---|---|---|
| 003 | UA-OsUOA | ||
| 001 | 130499 | ||
| 007 | ta | ||
| 008 | 20180504b un ||||| |||| 00| 0 ukr d | ||
| 090 | _bI-78 | ||
| 942 | _cMGN | ||
| 040 |
_aUA-OsUOA _beng _cUA-OsUOA _dUA-OsUOA |
||
| 245 |
_aIntegral Review _bIR publishes a transdisciplinary and transcultural range of works that, taken as a whole, model integral ways of perceiving, thinking, researching, and serving the world we live in. _cThe editor Jonathan Reams |
||
| 955 | _a1 | ||
| 041 | _aeng | ||
| 022 | _a1553-3069 | ||
| 856 | 4 | 0 | _uhttp://integral-review.org/current_issue/vol-13-no-1-jul-2017/ |
| 520 | 3 | _aINTEGRAL REVIEW (IR) is an online, open access, peer-reviewed journal publishing a transdisciplinary and transcultural range of works that, taken as a whole, model integral ways of perceiving, thinking, researching, and serving the world we live in. Y | |
| 520 | 3 | _aou can read more about us in the About and Submissions menus. | |
| 260 | _c2017 | ||
| 246 | 3 | 1 |
_aA Transdisciplinary and Transcultural Journal For New Thought, Research, and Praxis _n1 |
| 773 | 0 |
_w130496 _tIntegral Review _d1 |
|
| 650 | 7 | _2UDC | |
| 999 |
_c418527 _d418527 |
||